• 首页
  • 本馆介绍
  • 公告通知
  • 最新文献
  • 馆藏检索
  • 电子资源
  • 读者导购
  • 参考咨询
  • 我的图书馆
  • 登录
  • 详细信息显示
  • 放入我的书架
  • 预约/预借图书
  • 作者相关作品
  • 分类相关作品
  • 丛书相关作品
  • 出版社相关作品

书目信息

  • 表格格式
  • 工作单格式
  • 卡片格式
题名:
书道
    
 
作者: 汪耀华 编
分册:  
出版信息: 上海   上海文化出版社  2005
页数: 137页
开本: 18cm
丛书名:
单 册:
中图分类: G238
科图分类:
主题词: 出版工作--中国--现代--文集 , 出版工作--中国--近代--文集
电子资源:
ISBN: 7-80646-863-3
000 01082nam0 2200325 450
000 01045nam0 2200313 450
000 01029nam0 2200313 450
000 00975nam0 2200289 450
000 00971nam0 2200277 450
000 00934nam0 2200265 45
001 TS2006046074
005 20061207163240.23
010    @a7-80646-863-3@dCNY12.00
100    @a20060829d2005 em y0chiy0120 ea
101 0  @achi
102    @aCN@b110000
105    @aa z 000yy
200 1  @a书道@AShu Dao@f汪耀华编@FWang Yao Hua Bian
210    @a上海@c上海文化出版社@d2005
215    @a137页@c图@d18cm
300    @a中国书业职业精神培训必读
330    @a本书主要收录了我为什么献身书业、书业商之修养、率先采行科学管理、关于服务的态度、生活与服务、中国书业的新途公径等。
606 0  @a出版工作@y中国@z现代@x文集
606 0  @a出版工作@y中国@z近代@x文集
690    @aG238@v4
701  0 @a汪耀华@AWang Yao Hua@4编
801  0 @aCN@b中图数据@c20061207
905    @a10447@dG238@e40
    
    书道/汪耀华编.-上海:上海文化出版社,2005
    137页:图;18cm
    中国书业职业精神培训必读
    
    ISBN 7-80646-863-3:CNY12.00
    本书主要收录了我为什么献身书业、书业商之修养、率先采行科学管理、关于服务的态度、生活与服务、中国书业的新途公径等。
●
相关链接 在E读中查询图书 在五车中查询图书 在当当中查询图书 在豆瓣中查询图书


正题名:书道     索取号:G238/40         预约/预借

序号 登录号 条形码 馆藏地/架位号 状态 备注
1 0612582   206125824   第一样本阅览室/ [索取号:G238/40] 在馆    
2 0612583   206125833   第四借阅区/ [索取号:G238/40] 在馆    
3 0612584   206125842   第四借阅区/ [索取号:G238/40] 在馆    
唐山师范学院图书馆 欢迎您!
大连网信软件有限公司© 版权所有